FAO farm systems management series N.2 Risk analysis in dryland farming systems

Guardat en:
Dades bibliogràfiques
Autor principal: Jock R Anderson
Format: Llibre
Idioma:Undetermined
Publicat: Rome FAO 1992
Matèries:
Etiquetes: Afegir etiqueta
Sense etiquetes, Sigues el primer a etiquetar aquest registre!
Thư viện lưu trữ: Trung tâm Học liệu Trường Đại học Cần Thơ
LEADER 00549nam a2200193Ia 4500
001 CTU_3815
008 210402s9999 xx 000 0 und d
082 |a 631 
082 |b F233/N.2 
100 |a Jock R Anderson 
245 0 |a FAO farm systems management series N.2 
245 0 |b Risk analysis in dryland farming systems 
245 0 |c Jock R Anderson 
260 |a Rome 
260 |b FAO 
260 |c 1992 
650 |a farm management 
904 |i Nguyễn Quang Điền, 960530 
980 |a Trung tâm Học liệu Trường Đại học Cần Thơ